| Поле | Инд. | ПП | Название | Значение |
|---|---|---|---|---|
| Тип записи | a | |||
| Библиографический уровень | a | |||
| 001 | Контрольный номер | ab2594c18a5d405b97101a2aae636bf8 | ||
| 005 | Дата корректировки | 20181126125345.4 | ||
| 100 | a | Данные общей обработки | 20180921 ||| 0rusy0189 ca | |
| 101 | 0_ | a | Язык текста | rus |
| 102 | a | Страна публикации | RU | |
| 200 | 1_ | f | Первые сведения об ответственности | С.М. Амосов, Е.А. Гнатко |
| a | Заглавие | Факторы, влияющие на юридические составы, необходимые для возбуждения исполнительного производства | ||
| b | Общее обозначение материала | Текст | ||
| 210 | 1_ | d | Дата издания | 2018 |
| 461 | _0 | 1 | 2000 | |
| a | Администратор суда | |||
| 463 | _0 | 1 | 2000 | |
| a | № 3 | |||
| v | С. 16-21 | |||
| 1 | 2101 | |||
| d | 2018 | |||
| 1 | 001bdb0d0cd4b5e4347a72c170be56429d7 | |||
| 606 | a | Основная рубрика | Гражданское процессуальное право | |
| 610 | 0_ | a | Ключевые слова | ИСПОЛНИТЕЛЬНОЕ ПРОИЗВОДСТВО |
| 700 | _1 | a | Фамилия | Амосов |
| b | Имя | С.М. | ||
| 701 | _1 | a | Фамилия | Гнатко |
| b | Имя | Е.А. | ||
| 801 | _0 | a | Страна | RU |
| b | Организация | РГУП | ||
| c | Дата составления | 20180921 | ||
| g | Правила каталогизации | PSBO | ||
| 801 | _1 | a | Страна | RU |
| b | Организация | РГУП | ||
| c | Дата составления | 20180921 | ||
| g | Правила каталогизации | PSBO | ||
| 901 | t | Тип документа | b | |
| w | Контрольный № источника | bdb0d0cd4b5e4347a72c170be56429d7 | ||
| 905 | a | Дата ввода | 20180921 |